01527nam a22002177a 450000500170000000700150001700800410003202000220007303500100009504000090010510000230011424501040013725600240024126000270026530000280029250005530032050602800087365000250115374000380117885600930121620240305165434.0cr|||| ||u| 151202s2015 sp ||||| |||| 00| 0 spa d a978-84-9085-271-2 a12940 avLex1 ade Asís, Rafael 10aUna mirada a la robótica desde los derechos humanos h[Recurso electrónico] /cRafael de Asís aServicio en línea aMadridbDykinsonc2015 a1 recurso electrónico aEl trabajo se inicia situando a la robótica en el marco de las denominadas tecnologías emergentes, destacando el significado de estas y los problemas que nos plantean. Continúo señalando los referentes éticos desde los que se examina el desarrollo de estas tecnologías apostando por el enfoque de los derechos humanos. Eso sí, por un enfoque de los derechos crítico y abierto a la evolución tecnológica. A partir de ahí, me centro en señalar los problemas que singularizan a la robótica respecto al resto de tecnologías.1 aContenido solo disponible en los productos indicadosdvLex GlobaldvLex Global (Academic Edition, excluding Law Schools)dvLex Global (U.S. Academic Edition, Law Schools)dvLex Global (U.S. Academic Edition, excluding Law Schools)dvLex Global (Academic Edition, Law Schools)04aRobóticazEspaña0 avLex libros (servicio en línea)40uhttps://app.vlex.com/#/sources/una-mirada-a-la-robotica-desde-los-derechos-humanos-12940